| 000 | 01131nam a2200301Ia 4500 | ||
|---|---|---|---|
| 001 | ebr10314213 | ||
| 003 | CaPaEBR | ||
| 006 | m u | ||
| 007 | cr cn||||||||| | ||
| 008 | 040824s2005 mau sb 001 0 eng d | ||
| 020 | _z9780674030404 | ||
| 020 | _z0674015258 | ||
| 040 |
_aCaPaEBR _cCaPaEBR |
||
| 035 | _a(OCoLC)442778432 | ||
| 050 | 1 | 4 |
_aBC171 _b.D38 2005eb |
| 100 | 1 |
_aDavidson, Donald, _d1917-2003. |
|
| 245 | 1 | 0 |
_aTruth and predication _h[electronic resource] / _cDonald Davidson. |
| 246 | 3 | _aTruth & predication | |
| 260 |
_aCambridge, MA : _bHarvard University Press, _c2005. |
||
| 300 | _ax, 180 p. | ||
| 504 | _aIncludes bibliographical references (p. 165-172) and index. | ||
| 533 |
_aElectronic reproduction. _bPalo Alto, Calif. : _cebrary, _d2009. _nAvailable via World Wide Web. _nAccess may be limited to ebrary affiliated libraries. |
||
| 650 | 0 | _aTruth. | |
| 650 | 0 | _aPredicate (Logic) | |
| 655 | 7 |
_aElectronic books. _2local |
|
| 710 | 2 | _aebrary, Inc. | |
| 856 | 4 | 0 |
_uhttp://site.ebrary.com/lib/rucke/Doc?id=10314213 _zAn electronic book accessible through the World Wide Web; click to view |
| 999 |
_c57805 _d57805 |
||